| 000 | 00593nam a2200205Ia 4500 | ||
|---|---|---|---|
| 003 | IN-BaIIA | ||
| 008 | 211028s9999 xx 000 0 eng d | ||
| 020 | _a0-07-99017-4 | ||
| 040 | _cIIA Library | ||
| 080 |
_a537:538 _bPUR-2 |
||
| 100 |
_aPurcell, Edward M. _913094 |
||
| 245 | 0 |
_aElectricity and magnetism _cEdward M. Purcell |
|
| 260 |
_aSingapore _bMcGraw-Hill _c1981 |
||
| 300 | _axviii, 459p. | ||
| 490 | _aBerkeley physics course; v. 2 | ||
| 650 |
_aElectricity _9527 |
||
| 650 |
_aMagnetism _956 |
||
| 650 | _aNASA thesaurus | ||
| 942 | _cBK | ||
| 999 |
_c7749 _d7749 |
||